Normal view
MARC view
Entry Corporate Name
001 - CONTROL NUMBER
- control field: 5177
003 - CONTROL NUMBER IDENTIFIER
- control field: ARRUPE
005 - DATE AND TIME OF LATEST TRANSACTION
- control field: 20131205131914.0
008 - FIXED-LENGTH DATA ELEMENTS
- fixed length control field: 131205|| aca||aabn | a|a d
040 ## - CATALOGING SOURCE
- Original cataloging agency: ARRUPE
- Transcribing agency: ARRUPE
110 ## - HEADING--CORPORATE NAME
- Corporate name or jurisdiction name as entry element: Great Britain.
- Subordinate unit: Army.
- Subordinate unit: Grenadier Guards.
- Subordinate unit: Battalion, 1st.
670 ## - SOURCE DATA FOUND
- Source citation: Work cat.: (ARRUPE)0: Hennessey, Patrick, 1982- 5175, The Junior Officers' Reading Club :, 2009.